Skład Aston Villi w Premier League 2023/24 - Statystyki

Ogólne statystyki
  • Ten quiz został rozwiązany 39 razy
  • Średni wynik to 15 z 29
Statystyki odpowiedzi
Numer Zawodnik % Poprawnych
1 Emiliano Martinez
100%
11 Ollie Watkins
100%
2 Matty Cash
94%
4 Ezri Konsa
88%
7 John McGinn
84%
12 Lucas Digne
84%
19 Moussa Diaby
75%
14 Pau Torres
72%
5 Tyrone Mings
72%
10 Emiliano Buendia
63%
31 Leon Bailey
63%
44 Boubacar Kamara
59%
3 Diego Carlos
59%
6 Douglas Luiz
56%
25 Robin Olsen
56%
8 Youri Tielemans
56%
41 Jacob Ramsey
53%
15 Alexandre Moreno
50%
24 Jhon Duran
50%
22 Nicolo Zaniolo
34%
23 Philippe Coutinho
28%
9 Bertrand Traore
19%
16 Calum Chambers
19%
32 Leander Dendoncker
19%
30 Kortney Hause
16%
47 Tim Iroegbunam
16%
35 Cameron Archer
13%
33 Jaden Philogene
0%
39 Keinan Davis
0%
Nie znaleziono quizów pasujących do podanych kryteriów
Rozkład punktacji
Procent ludzi z każdym wynikiem
Percentyl według liczby udzielonych odpowiedzi
Twoja historia wyników
Nie rozwiązałeś tego quizu